Statistics for Famous People from Argentina

Click here to take the quiz!

General Stats

  • This quiz has been taken 1,316 times
  • The average score is 10 of 15

Answer Stats

HintAnswer% Correct
Argentine soccer champion, hero of 1986 World Cup.Diego Armando Maradona
96%
Captain of the Argentina National Football Team.Lionel Messi
94%
266th Pope of the Catholic Church.Pope Francis
90%
Argentina's First Lady (1946-1952), famous musical.Evita Perón
88%
Marxist revolutionary, helped in the Cuban Revolution.Che Guevara
87%
Basketball player, won 3 NBA championships with the Spurs.Manu Ginobili
64%
President of Argentina, husband of the above-mentioned.Juan Perón
60%
President of Argentina.Cristina Fernandez de Kirchner
58%
The Queen of the Netherlands.Queen Máxima of the Netherlands
56%
A world known singer of tango and milongas.Carlos Gardel
55%
Youngest tennis player to finish in the Top 10.Juan Martin del Potro
54%
Argentinian writer and poet, buried in Geneva.Jorge Luis Borges
51%
Racing car driver, 5 times winner of the F1 World ChampionshipJuan Manuel Fangio
50%
Famous LOTR actor, raised in Argentina.Viggo Mortensen
32%
Composed the soundtrack of Brokeback Mountain, Babel, etc.Gustavo Santaolalla
22%

Score Distribution

Percentile by Number Answered

Percent of People with Each Score

Your Score History

You have not taken this quiz